| 000 | 01550cam a2200349 i 4500 | ||
|---|---|---|---|
| 001 | 18958630 | ||
| 003 | OSt | ||
| 005 | 20230929163146.0 | ||
| 008 | 160202s2018 maua 000 0 eng | ||
| 010 | _a 2016003620 | ||
| 020 | _a9789353436896 | ||
| 020 | _a9780134474083 (pbk. : alk. paper) | ||
| 040 |
_aDLC _beng _cDLC _erda _dDLC |
||
| 042 | _apcc | ||
| 050 | 0 | 0 |
_aQA152.3 _b.L557 2018 |
| 082 | 0 | 0 |
_a512.9 _bLIA/I |
| 100 | 1 |
_aLial, Margaret L. _99645 |
|
| 245 | 1 | 0 |
_aIntroductory algebra / _cMargaret L. Lial, American River College, John Hornsby, University of New Orleans, Terry McGinnis. |
| 250 | _a11th edition. | ||
| 264 | 1 |
_aBoston : _bPearson, _c[2018] |
|
| 300 |
_a745 p : _bcolor illustrations ; 28 cm |
||
| 336 |
_atext _2rdacontent |
||
| 337 |
_aunmediated _2rdamedia |
||
| 338 |
_avolume _2rdacarrier |
||
| 505 | 0 | _aPrealgebra review -- The real number system -- Equations, inequalities, and applications -- Graphs of linear equations and inequalities in two variables -- Systems of linear equations and inequalities -- Exponents and polynomials -- Factoring and applications -- Rational expressions and applications -- Roots and radicals -- Quadratic equations. | |
| 650 | 0 |
_aAlgebra _vTextbooks. |
|
| 700 | 1 |
_aHornsby, John, _d1949- |
|
| 700 | 1 | _aMcGinnis, Terry. | |
| 906 |
_a7 _bcbc _corignew _d1 _eecip _f20 _gy-gencatlg |
||
| 942 |
_2ddc _cBK _h512.9 _iLIA/I _k512.9 _mLIA/I |
||
| 999 |
_c42359 _d42359 |
||